| 000 | 00657nam a22001937a 4500 | ||
|---|---|---|---|
| 003 | OSt | ||
| 005 | 20260306075828.0 | ||
| 008 | 260306b |||||||| |||| 00| 0 eng d | ||
| 020 | _a978-971-9655-80-0 | ||
| 040 |
_aDWCL Main lib _cOC |
||
| 082 | _aFil. 658.5 P441f 2024 | ||
| 100 | _aPerida, Arcadio Jeffrey S. | ||
| 245 |
_aFoundations of operations management: _ba practical guide for higher learning _cArcadio Jeffrey S. Perida |
||
| 260 |
_aManila, Philippines: _bMindshapers, _cc2024. |
||
| 300 |
_avi, 202 pages; _c25 cm. |
||
| 504 | _aIncludes bibliographical references. | ||
| 650 | _a1. Production management. | ||
| 942 |
_2ddc _cBK - FIL _kFil. _n0 |
||
| 999 |
_c8723 _d8723 |
||